000 00349 a2200157 4500
001 75213
020 _a97885160744302
040 _cAnchieta - Colégio São Paulo
100 _aZatz, Lia
240 1 0 _aAventura da escrita
_lpor
245 1 0 _aAventura da escrita
300 _a62
362 0 _a2012
650 4 _aLiteratura infantil
942 _cBK
999 _c75213
_d75213